|
|
|
|
| LEADER |
00000ntmaa2200000 a 4500 |
| 001 |
vtls011894935 |
| 003 |
SK-MaSNL |
| 005 |
20260301052133.0 |
| 008 |
251021q19uu xo a || 000 1 slo |
| 035 |
|
|
|a urn:nbn:sk:snk-tm00em1l
|
| 035 |
|
|
|a urn:nbn:sk:snk-tm3n3z9
|
| 035 |
|
|
|a 064EA081-C473-487B-8D1B-B66723FDCBC0
|
| 040 |
|
|
|a SNKLA
|b slo
|c SNKLA
|e AACR2
|
| 041 |
0 |
|
|a slo
|
| 044 |
|
|
|a xo
|c SK
|
| 072 |
|
7 |
|a 398
|x Folklór
|2 konspekt
|
| 072 |
|
7 |
|a 82
|x Literatúra. Literárny život
|2 konspekt
|
| 080 |
|
|
|a 324
|2 2011
|
| 080 |
|
|
|a 821.162.4-1
|2 2011
|
| 080 |
|
|
|a 821.162.4-3
|2 2011
|
| 080 |
|
|
|a 784.3/.7(=162.4)
|2 2011
|
| 080 |
|
|
|a 025.171
|2 2011
|
| 080 |
|
|
|a 398.9
|2 2011
|
| 100 |
1 |
|
|a Tesáková, Anna,
|d 1907-1983
|4 aut
|9 360356
|
| 245 |
1 |
0 |
|a Turčianska záhradka
|b voľby v poézii, zľudovené a iné piesne, príslovia a porekadlá
|n VIII
|c Anna Tesáková
|
| 260 |
|
|
|a [Bratislava?]
|c [nie po 1965]
|
| 300 |
|
|
|a 132 strán
|b rukopis, ilustrácie
|c 31 cm
|
| 500 |
|
|
|a Strany 1341-1472
|
| 520 |
2 |
|
|a Súbor odpisov článkov, básní, povestí, fotografií, fotokópií a kópií tlačí týkajúcich sa všetkých aspektov dejín a života Turca a jeho osobností. Celá práca je rozdelená do pätnástich tematických celkov (zväzkov). VIII. zväzok obsahuje výpisky k téme voľby v poézii, zľudovené a iné piesne, príslovia a porekadlá
|
| 555 |
0 |
|
|a Zbierka literárnych jednotlivín
|
| 561 |
|
|
|a Okrúhla pečiatka: Matica slovenská Martin Archív literatúry a umenia
|
| 650 |
0 |
7 |
|a voľby
|2 SNKPH
|9 1580
|
| 650 |
0 |
7 |
|a slovenská poézia
|2 SNKPH
|9 215422
|
| 650 |
0 |
7 |
|a slovenská próza
|2 SNKPH
|9 1206
|
| 650 |
0 |
7 |
|a slovenské piesne
|2 SNKPH
|9 3453
|
| 651 |
|
7 |
|a Turiec (Slovensko : región)
|2 SNKPHgeo
|9 238871
|
| 655 |
|
7 |
|a rukopisy
|2 SNKPH
|9 70548
|
| 655 |
|
7 |
|a Excerpts
|2 SNKPH
|9 304691
|
| 852 |
|
|
|a Slovenská národná knižnica
|b Literárny archív
|
| 958 |
|
|
|a ZLJ
|
| 958 |
|
|
|a BLA
|
| 999 |
|
|
|c 605083
|d 607013
|
| 952 |
|
|
|a SNKLA
|b SNKLA
|c SNKLA_DEP
|y NEVYP
|7 0
|p 17A1228980
|o snkJ 4082/8
|0 0
|1 0
|4 0
|d 2019-10-21
|f 1
|l 0
|r 2026-02-23 16:06:19
|w 2026-02-23
|